All Flags of Territories of the World - Statistics

General Stats
  • This quiz has been taken 978 times
    963 since last reset
  • The average score is 46 of 86
Answer Stats
Picture Hint Answer % Correct
British Crown Dependency Isle of man
91%
China Hong Kong
90%
Countries of the UK Scotland
90%
Countries of the UK Wales
90%
Countries of the UK England
89%
Denmark Greenland
89%
United States Puerto Rico
87%
British Overseas Territory Gibraltar
86%
Country Palestine
86%
China Macau
85%
Countries of the UK* Northern Ireland
84%
Denmark Faroe Island
83%
United States Guam
80%
Australia Christmas Island
78%
British Crown Dependency Bailiwick of Guernsey
77%
Netherlands Aruba
76%
British Crown Dependency Jersey
76%
United States U.S. Virgin Islands
76%
United States American Samoa
74%
Netherlands Curaçao
72%
Australia Norfolk Island
72%
France New Caledonia
71%
Finland Åland
69%
New Zealand Cook Islands
68%
New Zealand Niue
66%
Moldova Transnistria
65%
British Overseas Territory Bermuda
64%
Australia Cocos (Keeling) Islands
64%
De facto state Turkish Northern Cyprus
64%
France French Polynesia
63%
De facto state Somaliland
63%
France French Guiana
62%
De facto state Sahrawi Arab Democratic Republic
61%
New Zealand Tokelau
59%
British Overseas Territory Anguilla
58%
France Mayotte
58%
Netherlands Bonaire
57%
Ecuador Galápagos Islands
57%
United States Northern Mariana Islands
57%
Portugal Azores
56%
Chile Easter Island
56%
Georgia Republic of Abkhazia
55%
Ukraine (de jure) Republic of Crimea
55%
France Réunion
55%
British Overseas Territory Falkland Islands
54%
Georgia South Ossetia
54%
Tanzania Zanzibar
54%
Netherlands Sint Maarten
53%
British Overseas Territory British Virgin Islands
52%
Spain Canary Islands
52%
Portugal Madeira
52%
France* Guadeloupe
50%
France Martinique
49%
France* Saint Pierre and Miquelon
49%
British Overseas Territory British Indian Ocean Territory
48%
British Overseas Territory Montserrat
48%
British Overseas Territory Turks and Caicos Islands
47%
British Overseas Territory Cayman Islands
43%
British Overseas Territory Pitcairn Islands
42%
France Wallis and Futuna
42%
Netherlands Saba
41%
Papua New Guinea Bougainville
40%
British Overseas Territory Saint Helena
40%
Spain Ceuta
37%
Ukraine (de jure) Donetsk People's Republic
36%
Pakistan Azad Kashmir
35%
France Saint-Martin
35%
Spain Melilla
33%
France Saint Barthélémy
33%
Netherlands Sint Eustatius
33%
Ukraine (de jure) Luhansk People's Republic
32%
Angola Republic of Cabinda
32%
British Overseas Territory Tristan da Cunha
31%
British Overseas Territory Ascension Islands
29%
British Overseas Territory British Antarctic Territory
29%
France French Southern and Antarctic Lands
27%
British Overseas Territory South Georgia and the South Sandwich Islands
21%
British Crown Dependency Sark
16%
British Crown Dependency Alderney
15%
Australia Lord Howe Island
14%
British Overseas Territory* Akrotiri and Dekhelia
12%
Chile Juan Fernández Islands
12%
Brasil Fernando de Noronha
9%
British Crown Dependency Herm
8%
Philippines Bangsamoro Autonomous Region in Muslim Mindanao
7%
British Crown Dependency Brecqhou
5%
No matching quizzes found
Score Distribution
Percent of People with Each Score
Percentile by Number Answered
Your Score History
You have not taken this quiz since the last reset